| 000 -LEADER | |
|---|---|
| fixed length control field | 00430nam a22001817a 4500 |
| 005 - DATE AND TIME OF LATEST TRANSACTION | |
| control field | 20240202151443.0 |
| 008 - FIXED-LENGTH DATA ELEMENTS--GENERAL INFORMATION | |
| fixed length control field | 170925b xxu||||| |||| 00| 0 eng d |
| 020 ## - INTERNATIONAL STANDARD BOOK NUMBER | |
| ISBN | 978-81-203-1247 |
| 041 ## - LANGUAGE CODE | |
| Language code of text/sound track or separate title | eng |
| 082 ## - DEWEY DECIMAL CLASSIFICATION NUMBER | |
| Classification number | 632 |
| 100 ## - MAIN ENTRY--AUTHOR NAME | |
| Personal name | RANGASWAMI.G. & MAHADEVAN.A |
| 245 ## - TITLE STATEMENT | |
| Title | DISEASES OF CROP PLANTS IN INDIA |
| 250 ## - EDITION STATEMENT | |
| Edition statement | 4th |
| 260 ## - PUBLICATION, DISTRIBUTION, ETC. (IMPRINT) | |
| Name of publisher | PHI LEARNING |
| Year of publication | 2023 |
| 300 ## - PHYSICAL DESCRIPTION | |
| Number of Pages | 536;P |
| 650 ## - SUBJECT ADDED ENTRY--TOPICAL TERM | |
| Topical Term | AGRICULTURE |
| 942 ## - ADDED ENTRY ELEMENTS (KOHA) | |
| Koha item type | Books |
| Lost status | Damaged status | Collection code | Home library | Current library | Shelving location | Date acquired | Source of acquisition | Cost, normal purchase price | Full call number | Accession Number | Koha item type |
|---|---|---|---|---|---|---|---|---|---|---|---|
| Reference | JRU Library | JRU Library | SHELF-2-E | 25/09/2017 | Purchase | 395.00 | 632 | 22083 | Books | ||
| AGRICULTURE | JRU Library | JRU Library | SHELF-46-G | 25/09/2017 | Purchase | 395.00 | 632 | 22084 | Books | ||
| AGRICULTURE | JRU Library | JRU Library | SHELF-46-G | 25/09/2017 | Purchase | 395.00 | 632 | 22085 | Books | ||
| AGRICULTURE | JRU Library | JRU Library | SHELF-14-B | 16/11/2023 | PURCHASE | 595.00 | 632 | 28130 | Books | ||
| AGRICULTURE | JRU Library | JRU Library | SHELF-46-G | 16/11/2023 | PURCHASE | 595.00 | 632 | 28131 | Books | ||
| AGRICULTURE | JRU Library | JRU Library | SHELF-46-G | 16/11/2023 | PURCHASE | 595.00 | 632 | 28132 | Books |